<?xml version="1.0" encoding="UTF-8"?>
<record
    xmlns:xsi="http://www.w3.org/2001/XMLSchema-instance"
    xsi:schemaLocation="http://www.loc.gov/MARC21/slim http://www.loc.gov/standards/marcxml/schema/MARC21slim.xsd"
    xmlns="http://www.loc.gov/MARC21/slim">

  <leader>01564nab a2200241 i 4500</leader>
  <controlfield tag="001">BPP</controlfield>
  <controlfield tag="003">BPK</controlfield>
  <controlfield tag="005">20210902105415.0</controlfield>
  <controlfield tag="008">150326s1995    pl  |  |     |000 ||pol</controlfield>
  <datafield tag="040" ind1=" " ind2=" ">
    <subfield code="c">BPK</subfield>
  </datafield>
  <datafield tag="041" ind1=" " ind2=" ">
    <subfield code="a">pol</subfield>
    <subfield code="b">eng</subfield>
  </datafield>
  <datafield tag="080" ind1=" " ind2=" ">
    <subfield code="a">624.131</subfield>
  </datafield>
  <datafield tag="100" ind1=" " ind2=" ">
    <subfield code="a">PA&#x141;KOWSKI, Szymon.</subfield>
    <subfield code="d">1970 - 1996.</subfield>
    <subfield code="b">Wy&#x17C;sza Szko&#x142;a In&#x17C;ynierska w Koszalinie - Wydzia&#x142; In&#x17C;ynierii L&#x105;dowej i Sanitarnej,</subfield>
    <subfield code="c">Zak&#x142;ad Konstrukcji Metalowych</subfield>
  </datafield>
  <datafield tag="245" ind1=" " ind2=" ">
    <subfield code="a">Wybrane zagadnienia stateczno&#x15B;ci ustroj&#xF3;w spr&#x119;&#x17C;y&#x15B;cie podpartych = </subfield>
    <subfield code="b">Some problems to stability of elastic supported structures /</subfield>
    <subfield code="c">Szymon Pa&#x142;kowski, Jaros&#x142;aw Ko&#x142;odziej.</subfield>
  </datafield>
  <datafield tag="260" ind1=" " ind2=" ">
    <subfield code="c">1995.</subfield>
  </datafield>
  <datafield tag="500" ind1=" " ind2=" ">
    <subfield code="a">Dane z autopsji.</subfield>
  </datafield>
  <datafield tag="520" ind1=" " ind2=" ">
    <subfield code="a">W pracy przedstawiono kilka wybranych zagadnie&#x144; zwi&#x105;zanych z utrat&#x105; stateczno&#x15B;ci ustroj&#xF3;w spr&#x119;&#x17C;y&#x15B;cie podpartych. Podano prost&#x105; zale&#x17C;no&#x15B;&#x107; graficzn&#x105; pomocn&#x105; do okre&#x15B;lenia d&#x142;ugo&#x15B;ci wyboczeniowej pr&#x119;ta. Przeprowadzono szczeg&#xF3;&#x142;ow&#x105; analiz&#x119; utraty stateczno&#x15B;ci otwartego mostu kratowego, przy czym wykazano, &#x17C;e w pewnych warunkach o no&#x15B;no&#x15B;ci mo&#x17C;e decydowa&#x107; jego gi&#x119;tno-skr&#x119;tna utrata stateczno&#x15B;ci. Podane w pracy wnioski i zalecenia mog&#x105; znale&#x17A;&#x107; zastosowania w praktyce projektowej.</subfield>
  </datafield>
  <datafield tag="650" ind1=" " ind2="0">
    <subfield code="a">Mosty.</subfield>
  </datafield>
  <datafield tag="650" ind1=" " ind2="0">
    <subfield code="a">Konstrukcje stalowe</subfield>
  </datafield>
  <datafield tag="700" ind1=" " ind2=" ">
    <subfield code="a">KO&#x141;ODZIEJ, Jaros&#x142;aw.</subfield>
    <subfield code="d">1985 - 1996.</subfield>
    <subfield code="b">Wy&#x17C;sza Szko&#x142;a In&#x17C;ynierska w Koszalinie - Wydzia&#x142; In&#x17C;ynierii L&#x105;dowej i Sanitarnej,</subfield>
    <subfield code="c">Laboratorium </subfield>
  </datafield>
  <datafield tag="773" ind1=" " ind2=" ">
    <subfield code="i">W :</subfield>
    <subfield code="t">Zeszyty Naukowe Politechniki Gda&#x144;skiej. -</subfield>
    <subfield code="g">1995, z. 522, s. 295-309. -</subfield>
    <subfield code="k">Budownictwo L&#x105;dowe ; nr 51</subfield>
  </datafield>
  <datafield tag="942" ind1=" " ind2=" ">
    <subfield code="c">ART</subfield>
    <subfield code="2">UKD</subfield>
  </datafield>
  <datafield tag="999" ind1=" " ind2=" ">
    <subfield code="c">6306</subfield>
    <subfield code="d">6306</subfield>
  </datafield>
</record>
